<?xml version="1.0" encoding="UTF-8"?>
<record
    xmlns:xsi="http://www.w3.org/2001/XMLSchema-instance"
    xsi:schemaLocation="http://www.loc.gov/MARC21/slim http://www.loc.gov/standards/marcxml/schema/MARC21slim.xsd"
    xmlns="http://www.loc.gov/MARC21/slim">

  <leader>02464agaaa2200325   4500</leader>
  <controlfield tag="001">1598</controlfield>
  <controlfield tag="003">IT-RoPAU</controlfield>
  <controlfield tag="005">20220918181224.0</controlfield>
  <controlfield tag="007">d cvaizq</controlfield>
  <controlfield tag="008">50131s9999||||xx ||| |     ||   ||und||</controlfield>
  <datafield tag="040" ind1=" " ind2=" ">
    <subfield code="a">IT-RoPAU</subfield>
    <subfield code="c">IT-RoPAU</subfield>
  </datafield>
  <datafield tag="041" ind1=" " ind2=" ">
    <subfield code="a">ITALIANO</subfield>
  </datafield>
  <datafield tag="100" ind1=" " ind2=" ">
    <subfield code="a">Serra Gianni</subfield>
    <subfield code="g">Codice regista SPICS: 1648</subfield>
    <subfield code="9">37128</subfield>
  </datafield>
  <datafield tag="130" ind1=" " ind2=" ">
    <subfield code="a">RAGAZZA DI VIA MILLELIRE (LA)</subfield>
    <subfield code="9">37129</subfield>
  </datafield>
  <datafield tag="245" ind1=" " ind2=" ">
    <subfield code="a">RAGAZZA DI VIA MILLELIRE (LA)</subfield>
    <subfield code="c">Prodotto da: Rai -- Sceneggiatura: Sherman Thomas Serra Gianni -- Diretto da: Serra Gianni</subfield>
    <subfield code="p">RAGAZZA DI VIA MILLELIRE (LA) (Rif. Codice opera principale : 21598)</subfield>
  </datafield>
  <datafield tag="250" ind1=" " ind2=" ">
    <subfield code="a">Edizione Standard</subfield>
  </datafield>
  <datafield tag="260" ind1=" " ind2=" ">
    <subfield code="a">ROMA (ITALIA)</subfield>
    <subfield code="b">RAI - RADIO TELEVISIONE ITALIANA / Distribuzione: RAI DUE</subfield>
    <subfield code="g">"1982 (1&#xB0; ed.: 1983 ; Ed. Lingua Orig.: 1982)"</subfield>
  </datafield>
  <datafield tag="300" ind1=" " ind2=" ">
    <subfield code="a">VHS</subfield>
    <subfield code="b">sonoro, col.</subfield>
    <subfield code="c">110 minuti</subfield>
  </datafield>
  <datafield tag="508" ind1=" " ind2=" ">
    <subfield code="a">"Fotografia: Di Palma Dario; Montaggio: Di Mauro Maria; Musica: Bacalov Luis; Sceneggiatura: Sherman Thomas Serra Gianni; Scenografia: Calamo Silvestro; Soggetto: Sherman Tomaso -- Serra Gianni"</subfield>
  </datafield>
  <datafield tag="511" ind1=" " ind2=" ">
    <subfield code="a">"Conforti Oria; Monti Maria; Orlando Mario; Policaro Lisa; Signorile Roberto"</subfield>
  </datafield>
  <datafield tag="520" ind1=" " ind2=" ">
    <subfield code="a">"BETTY TREDICENNE IMMIGRATA DAL SUD E RESIDENTE NELLA CINTURA TORINESE DELLA DISGREGAZIONE SOCIALE E MORALE NELLA MALFANATA VIA MILLELIRE HA ALLE SPALLE UNA FAMIGLIA IN SFACELO: MADRE AMBULANTE UNA COVATA A NON FINIRE DI FRATELLI E SORELLE DI CUI UNO SEMIDEFICIENTE E IL PADRE IN CARCERE INTORNO UN AMBIENTE IN DEGRADO: DROGA VIOLENZA PROSTITUZIONE LA RAGAZZA VA E VIENE IN QUESTO AMBIENTE FUGGENDO PERPETUAMENTE: DALLA FAMIGLIA DALLE BREVI RELAZIONICON GIOVANI SBANDATI E PRIVI DI SCRUPOLI DAI ""CENTRI D'INCONTRO"" E DAI RIFORMATORI E' IRREQUIETA SFORTUNATA IRRESPONSABILE IL SUO CONTINUO FUGGIRE E'SCANDITO DA RICORRENTI RITORNI A UNO SQUALLIDO CENTRO SOCIALE E A UNA ANNOIATA E RASSEGNATA ASSISTENTE SOCIALE CHE TUTTAVIA QUALCOSA TENTA DI FARE PER RADDRIZZARLA MA INUTILMENTE IL FILM SI CHIUDE AMARO SULL'ENNESIMA FUGA DIBETTY E SU OGNI SPIRAGLIO DI SPERANZA FILM A COLORI"</subfield>
  </datafield>
  <datafield tag="538" ind1=" " ind2=" ">
    <subfield code="a">PAL, STEREO</subfield>
  </datafield>
  <datafield tag="546" ind1=" " ind2=" ">
    <subfield code="a">ITALIANO</subfield>
  </datafield>
  <datafield tag="650" ind1=" " ind2=" ">
    <subfield code="a">DRAMMATICO</subfield>
    <subfield code="e">FILMS [VHS]</subfield>
    <subfield code="x">Codice MATERIA SPICS: 9960</subfield>
    <subfield code="9">34083</subfield>
  </datafield>
  <datafield tag="700" ind1=" " ind2=" ">
    <subfield code="a">Bacalov Luis</subfield>
    <subfield code="e">(musica)</subfield>
    <subfield code="g">Codice Musica SPICS: 21505</subfield>
    <subfield code="9">37130</subfield>
  </datafield>
  <datafield tag="700" ind1=" " ind2=" ">
    <subfield code="a">Serra Gianni </subfield>
    <subfield code="e">(regista)</subfield>
    <subfield code="g">Codice regista SPICS: 1648</subfield>
    <subfield code="9">37131</subfield>
  </datafield>
  <datafield tag="700" ind1=" " ind2=" ">
    <subfield code="a">Serra Gianni </subfield>
    <subfield code="e">(soggetto)</subfield>
    <subfield code="g">Codice Soggetto 2&#xB0; SPICS: 1648</subfield>
    <subfield code="9">37132</subfield>
  </datafield>
  <datafield tag="700" ind1=" " ind2=" ">
    <subfield code="a">Sherman Tomaso </subfield>
    <subfield code="e">(soggetto)</subfield>
    <subfield code="g">Codice Soggetto SPICS: 29821</subfield>
    <subfield code="9">37133</subfield>
  </datafield>
  <datafield tag="942" ind1=" " ind2=" ">
    <subfield code="c">VH</subfield>
    <subfield code="2">ddc</subfield>
  </datafield>
  <datafield tag="999" ind1=" " ind2=" ">
    <subfield code="c">104687</subfield>
    <subfield code="d">104687</subfield>
  </datafield>
  <datafield tag="952" ind1=" " ind2=" ">
    <subfield code="0">0</subfield>
    <subfield code="1">0</subfield>
    <subfield code="4">0</subfield>
    <subfield code="6">21598_000000000000000</subfield>
    <subfield code="7">1</subfield>
    <subfield code="a">SPICS</subfield>
    <subfield code="b">SPICS</subfield>
    <subfield code="d">2015-01-31</subfield>
    <subfield code="l">0</subfield>
    <subfield code="o">21598</subfield>
    <subfield code="r">2015-01-31 00:00:00</subfield>
    <subfield code="w">2015-01-31</subfield>
    <subfield code="y">VH</subfield>
    <subfield code="z">Progr. Ins.: 1394 / N.Vol.:1 / Copie: 1 / Pag.: / Copia rara: n.d. / date import: 1.2.2015 / By Epidotti, Trombetti, Vaglietti</subfield>
  </datafield>
</record>
